Record Details

The Paper Crane

Molly  Bang (Author).

Record details

  • ISBN: 9780618932726
  • Physical Description: Paperback
  • Publisher: Boston Houghton Mifflin 1985
Subject: Juvenile Fiction

Available copies

  • 1 of 1 copy available at Headquarters.
Location Call Number / Copy Notes Barcode Shelving Location Status Due Date
Dansoman Library 201 JFIC/BAN 000001573268 Childrens' Fiction Available -

No reviews or recommendations are currently available.

Loading shelf browser…

LDR 00620cam a2200205Ka 4500
00179388
003HQ
00520210514082917.0
008070101s xxua br 1 eng d
020 . ‡a9780618932726
037 . ‡aSSNIT
082 . ‡aJFIC/BAN
100 . ‡aMolly  Bang
245 . ‡aThe Paper Crane
260 . ‡aBoston ‡bHoughton Mifflin ‡c1985
300 . ‡aPaperback
650 . ‡aJuvenile Fiction
901 . ‡a79388 ‡bAUTOGEN ‡c79388 ‡tbiblio

Session Timeout

Your session will expire in minutes and seconds.

If you need more time, please click "Continue Session."

Session Ended

Your session has ended. Redirecting to the home page...